|
|
|
|
| LEADER |
01226nam a2200349 4500 |
| 001 |
27904 |
| 003 |
BD-DhAAL |
| 005 |
20140319140649.0 |
| 008 |
140319s2012 bg w 000 0 eng d |
| 040 |
|
|
|a DLC
|c DLC
|d DLC
|d BD-DhAAL
|
| 082 |
0 |
0 |
|a 348.5492/046
|2 21
|
| 999 |
|
|
|c 14210
|d 14210
|
| 999 |
|
|
|c 14210
|
| 999 |
|
|
|c 0
|
| 999 |
|
|
|c 9957
|
| 999 |
|
|
|c 9957
|
| 999 |
|
|
|c 9957
|
| 130 |
0 |
|
|a BLT
|9 3833
|
| 222 |
|
0 |
|a Bangladesh Law Times
|
| 245 |
0 |
4 |
|a The Bangladesh law times :
|b a monthly law journal, volume no. 20 /
|c Samarendra Nath Goswami, editor.
|
| 246 |
1 |
7 |
|a The Bangladesh Law Times.
|
| 260 |
|
|
|a Dhaka :
|b Bangladesh Law Times,
|c 2012
|
| 362 |
0 |
|
|a Vol.XX, 2012
|
| 500 |
|
|
|a "A journal of law reports."
|
| 500 |
|
|
|a Latest issue consulted: Vol.XX,2012
|
| 541 |
|
|
|e 27904
|
| 650 |
|
0 |
|a Law reports, digests, etc.
|z Bangladesh.
|9 3834
|
| 650 |
|
0 |
|a Law reports, digests, etc.
|z India
|z Bengal.
|9 3835
|
| 700 |
1 |
|
|a Goswami, Samarendra Nath
|9 1685
|
| 852 |
4 |
|
|a Ayesha Abed Library
|j General shelf
|
| 942 |
|
|
|2 ddc
|c 1HOUR
|
| 952 |
|
|
|0 0
|1 0
|2 ddc
|4 0
|6 348_549204600000000_BAN
|7 0
|8 REF
|9 23986
|a BRACUL
|b BRACUL
|c REF
|d 2014-03-19
|l 0
|o 348.5492046 BAN
|p 3010027904
|r 2014-03-19
|t 1
|w 2014-03-19
|y 1HOUR
|